| 000 | 00380 a2200145 4500 | ||
|---|---|---|---|
| 999 |
_c12458 _d12458 |
||
| 003 | OSt | ||
| 005 | 20240117094522.0 | ||
| 008 | 240117b ||||| |||| 00| 0 eng d | ||
| 020 | _a9781788841382 | ||
| 082 |
_a726.14 _bMIC |
||
| 100 | _aMichell, George | ||
| 245 | _aTemples of Deccan India : Hindu and Jain, 7th to 13th Centuries | ||
| 260 |
_bACC Art Books _c2021 |
||
| 942 | _2ddc | ||